[Event "Saint Louis Invitational-A 2018"]
[Site "Saint Louis"]
[Date "2018.11.16"]
[Round "1"]
[White "Boros, Denes"]
[Black "Patel, Advait"]
[Result "1/2-1/2"]
[WhiteElo "2442"]
[BlackElo "2467"]
[Annotator "TA"]
[PlyCount "56"]
[EventDate "2018.11.16"]
[EventType "tourn"]
[EventCountry "USA"]
[SourceTitle "playchess.com"]
[Source "ChessBase"]
[SourceQuality "1"]

{[%evp 16,56,16,-10,13,12,15,-11,0,-10,0,-54,0,-2,18,11,24,0,35,0,7,4,0,7,6,0,7,0,33,25,27,35,25,0,0,0,0,0,0,0,0,0,0]} 1. e4 e5 2. Nc3 Nf6 3. g3 d5 4. exd5 Nxd5 5. Nf3 Nxc3 6. bxc3 Nc6 7. Bg2 Bd6 8. O-O O-O 9. d4 h6 {C47: Scotch Four Knights and Four Knights with 4 g3} (9... Bg4 $5 {[%cal Re5e4]} 10. Qd3 exd4 $11) (9... Bf5 10. Rb1 Rb8 11. Re1 Re8 12. dxe5 Nxe5 13. Nxe5 Rxe5 14. Rxe5 Bxe5 15. Qe2 Bxc3 16. Rxb7 Rxb7 17. Bxb7 h6 18. Qf3 Qf6 {½-½ (27) Lu,S (2620)-Zhou,W (2606) China 2017}) 10. Re1 {[%cal Rd4e5]} Qf6 $146 ({Predecessor:} 10... exd4 11. cxd4 Re8 12. Rb1 Rb8 13. Be3 Ne7 14. c4 Nf5 15. c5 Nxe3 16. fxe3 Bf8 17. Ne5 {1-0 (35) Laveryd,P (2390)-Jepson,C (2380) Haninge 1997}) 11. h3 Bf5 12. Rb1 Rab8 13. Be3 (13. Re3 $11) 13... b6 (13... Rfe8 $15) 14. Nh4 $11 exd4 15. cxd4 Ne7 16. d5 {[#] Hoping for Bd4.} Be5 17. Nf3 Bc3 18. Bd4 Bxd4 19. Nxd4 {Black must now prevent Rxe7!} Bd7 20. c4 Nf5 21. Nxf5 Qxf5 22. Qb3 Qf6 23. Qa3 $36 {[%mdl 2048] Black is under pressure.} Qd6 24. Re3 Rbe8 {The position is equal.} 25. c5 Rxe3 26. Qxe3 bxc5 27. Rc1 Re8 28. Qxc5 Re1+ $1 {Accuracy: White = 57%, Black = 55%.} 1/2-1/2

[Event "Saint Louis Invitational-A 2018"]
[Site "Saint Louis"]
[Date "2018.11.16"]
[Round "1"]
[White "Niemann, Hans"]
[Black "Shtembuliak, Evgeny"]
[Result "1/2-1/2"]
[WhiteElo "2439"]
[BlackElo "2487"]
[Annotator "TA"]
[PlyCount "63"]
[EventDate "2018.11.16"]
[EventType "tourn"]
[EventCountry "USA"]
[SourceTitle "playchess.com"]
[Source "ChessBase"]
[SourceQuality "1"]

{[%evp 21,63,16,23,22,22,22,21,15,17,18,16,9,8,0,0,0,0,0,0,0,0,0,0,0,0,0,7,0,18,0,-8,-6,-6,-41,-6,-6,-6,-6,-7,-8,0,0,0,0]} 1. d4 Nf6 2. c4 d6 3. Nf3 g6 4. Nc3 Bf5 5. g3 Bg7 6. Bg2 c6 7. O-O O-O 8. b3 Ne4 9. Bb2 Nxc3 10. Bxc3 Be4 11. Qd2 d5 {LiveBook: 36 Games} 12. Bh3 {E62: King's Indian: Fianchetto: 6...c6 and Panno Variation (6...Nc6) without ...a6} (12. Rfc1 e6 13. a4 Nd7 14. e3 Re8 {½-½ (14) Cordova,E (2611)-Bruzon Batista,L (2678) Villahermosa 2014}) 12... Bxf3 13. exf3 a5 $146 ({Predecessor:} 13... e6 14. c5 Nd7 15. f4 Re8 16. Rfe1 b6 17. b4 a5 18. a3 Qf6 19. Rec1 axb4 20. axb4 Rxa1 21. Bxa1 {0-1 (35) Vitouch,A (2211)-Groetz,H (2321) Austria 2008}) 14. Rfe1 e6 15. Bf1 Nd7 16. Rac1 a4 17. cxd5 exd5 18. Bb4 Re8 19. Rxe8+ Qxe8 20. Re1 Qd8 21. Bh3 axb3 22. axb3 Nf6 23. Be7 Qb6 (23... Qb8 {keeps more tension.} 24. Bc5 Ne8 25. Qb4 Bf6 26. Be7 Bg7) 24. b4 Re8 25. Bc5 Qd8 {[#] Threatens to win with ...b6.} 26. Rxe8+ Nxe8 27. Qe3 Nd6 28. Bxd6 $1 {The position is equal.} Qxd6 29. Qe8+ Qf8 30. Qc8 $1 Bxd4 31. Qxb7 Qd6 32. Bd7 {Accuracy: White = 69%, Black = 86%.} 1/2-1/2

[Event "Saint Louis Invitational-A 2018"]
[Site "Saint Louis"]
[Date "2018.11.16"]
[Round "1"]
[White "Balakrishnan, Praveen"]
[Black "Gurevich, Dmitry"]
[Result "1/2-1/2"]
[WhiteElo "2409"]
[BlackElo "2393"]
[Annotator "TA"]
[PlyCount "114"]
[EventDate "2018.11.16"]
[EventType "tourn"]
[EventCountry "USA"]
[SourceTitle "playchess.com"]
[Source "ChessBase"]
[SourceQuality "1"]

{[%evp 17,114,9,20,26,22,0,0,0,0,0,2,-14,-11,-25,-10,-33,20,-13,-5,-12,-6,-18,-18,-19,-11,-47,-17,-16,0,0,0,0,0,0,0,0,0,-100,-79,-91,-86,-75,-87,-81,-88,-87,-91,-80,-54,-183,-180,-188,-185,-171,-168,-168,-142,-142,-144,-152,-16,-16,-16,-16,0,0,0,0,0,0,0,0,0,0,0,0,0,0,0,0,0,0,0,0,0,0,0,0,0,0,0,0,0,0,0,0,0,0,0]} 1. d4 d5 2. c4 e6 3. Nf3 Nf6 4. g3 Be7 5. Bg2 O-O 6. O-O c6 7. Qc2 b6 8. Nbd2 Bb7 9. e4 Na6 10. a3 {E06: Closed Catalan: Early deviations} c5 {[%cal Rd5e4]} 11. cxd5 exd5 12. e5 Ne4 13. dxc5 {[#]} Rc8 $146 ({But not} 13... bxc5 $6 14. Nxe4 dxe4 15. Nd2 $16) ({Predecessor:} 13... Naxc5 14. b4 Ne6 15. Bb2 Rc8 16. Qb3 d4 17. Nxe4 Bxe4 {0-1 (58) Moranda,W (2559)-Sargissian,G (2666) Warsaw 2012}) 14. Rd1 {[#] And now Nxe4 would win.} Qe8 15. b4 bxc5 16. b5 {Hoping for Nxe4.} Nc7 ({Reject} 16... Qxb5 $6 17. Nxe4 dxe4 18. Ng5 $14) (16... Nxd2 $15 17. bxa6 (17. Bxd2 Nc7 $15) 17... Nxf3+ 18. Bxf3 Bc6) 17. Nxe4 dxe4 18. Nd2 Nxb5 19. Nxe4 Nd4 20. Qc4 Bc6 21. a4 Rb8 22. Bd2 Nb3 23. Rab1 Nxd2 24. Nxd2 Bxg2 25. Kxg2 Rb4 $36 {[%mdl 2048] Black is pushing.} 26. Rxb4 cxb4 27. Qa6 (27. Nf3 $11) 27... Qd7 28. Qb5 Qxb5 29. axb5 $17 {[%mdl 4096] Endgame KRB-KRN} Rd8 30. Kf3 f6 31. exf6 Bxf6 32. Ke2 Rd5 33. Ne4 (33. Nb3 $15 Rxb5 34. Rd7) 33... Rxb5 $19 34. Nxf6+ gxf6 {KR-KR} 35. Rd8+ Kf7 {Strongly threatening ...b3.} 36. Rd7+ Ke6 37. Rxa7 b3 {Threatens to win with ...b2.} 38. Ra1 Kd5 ({Black should try} 38... Kf5 $17 {White must now prevent ...b2.} 39. f3 b2) 39. Kd3 $11 {The position is equal.} b2 40. Rb1 Rb3+ 41. Kc2 {[%mdl 64] [#] Double Attack} Rf3 42. Rf1 Ke4 43. Kxb2 Rf5 44. f4 Ke3 45. Kc3 Rc5+ 46. Kb3 Rh5 47. Kc4 Ke2 48. Ra1 Kf3 49. Ra2 Rf5 50. Kd4 Rb5 51. Rc2 h5 52. Rc6 Rb2 53. Rxf6 Rxh2 54. Rg6 h4 55. gxh4 Rxh4 56. Rf6 Rxf4+ 57. Rxf4+ Kxf4 {Accuracy: White = 61%, Black = 73%.} 1/2-1/2

[Event "Saint Louis Invitational-A 2018"]
[Site "Saint Louis"]
[Date "2018.11.16"]
[Round "1"]
[White "Bivol, Alina"]
[Black "Kevlishvili, Robby"]
[Result "0-1"]
[WhiteElo "2403"]
[BlackElo "2451"]
[Annotator "TA"]
[PlyCount "92"]
[EventDate "2018.11.16"]
[EventType "tourn"]
[EventCountry "USA"]
[SourceTitle "playchess.com"]
[Source "ChessBase"]
[SourceQuality "1"]

{[%evp 17,92,1,0,-63,-49,-63,-45,-48,-41,-81,-70,-110,-106,-102,-109,-112,-112,-162,-98,-202,-182,-196,-158,-151,-159,-167,-117,-132,-22,-35,0,0,0,0,0,-27,0,-6,0,-50,0,-38,-31,-34,-27,-37,-14,-36,-34,-40,-25,-145,-152,-292,-275,-282,-289,-290,-274,-871,-843,-6299,-6199,-5631,-5698,-29982,-29983,-29983,-29984,-29984,-29985,-29985,-29986,-29986,-29987,-29989,-838]} 1. e4 c5 2. Nc3 d6 3. d4 cxd4 4. Qxd4 Nc6 5. Qd2 g6 6. b3 {B23: Closed Sicilian: Lines without g3} Bh6 7. f4 Nf6 8. Bb2 O-O 9. O-O-O a5 {LiveBook: 7 Games} 10. Kb1 $146 (10. a4 $11) ({Predecessor:} 10. a4 Nb4 11. Kb1 {1-0 (33) Dubov,D (2691)-Firouzja,A (2561) Abu Dhabi 2018}) 10... a4 $1 $15 11. Nxa4 Nxe4 12. Qe3 Nf6 13. Nf3 Qa5 14. Nd4 Nxd4 $1 15. Qxd4 Bg4 16. Bc3 Qc7 {Strongly threatening ...Rxa4.} 17. Rd3 {[#] With the idea Nb6.} Bf5 (17... b5 $1 $19 {[%cal Rb5a4]} 18. Nb6 Bg7) 18. Rf3 (18. Nb6 $17) 18... Be4 $19 {aiming for ...Rxa4.} 19. Rf2 {[#]} Rxa4 $1 {[%mdl 512]} 20. bxa4 Rc8 21. Bb2 Bxc2+ 22. Ka1 {[#]} Bg7 (22... e5 $1 $17 {[%cal Re5d4]} 23. fxe5 dxe5) 23. Bb5 $11 Bf5 {[%mdl 1024] Black has compensation.} 24. Rff1 Qc2 25. Rf2 Qc7 26. Rff1 Be4 27. Rhg1 d5 28. g4 Qb8 {And now ...Rc2 would win.} (28... Nh5 $5 {[%cal Rg7d4]} 29. Qd2 Bxb2+ 30. Qxb2 Nxf4 $15) 29. Rf2 Ne8 {[%cal Bf6e8,Be8d6,Bd6c4][%mdl 32]} 30. Qe3 Bxb2+ 31. Rxb2 Nd6 32. Rc1 Rxc1+ 33. Qxc1 Qa7 34. f5 (34. a3 $11 {remains equal.}) 34... Qd4 $40 {[%mdl 128] Black attacks with force.} 35. fxg6 (35. a3 $17 {might work better.}) 35... hxg6 $19 ({Not} 35... fxg6 36. Be2 $15) 36. a3 Nc4 37. Bxc4 dxc4 {[%cal Bd5c4,Bc4c3][%mdl 4128] Endgame KQR-KQB} 38. Ka2 $2 (38. Qe1) 38... c3 39. Rb4 Bd5+ 40. Kb1 Qd3+ 41. Qc2 {[#]} Ba2+ $1 {[%mdl 576] Pin. Black mates.} 42. Kc1 (42. Kxa2 Qxc2+) 42... Qe3+ 43. Kd1 Bd5 44. Qc1 Qd3+ 45. Ke1 Bf3 {[%csl Gf3][%cal Rd3e2]} 46. Kf2 Qd2+ {Accuracy: White = 38%, Black = 56%.} (46... Qe2+ $142 47. Kg3 Bc6 48. Qf4 c2 49. Rb3 Qe1+ 50. Kh3 c1=Q 51. Qxc1 Qxc1 52. Kh4 Qf4 53. Rc3 g5+ 54. Kh5 Qf6 55. Rxc6 bxc6 56. h3 Qg6#) 0-1

[Event "Saint Louis Invitational-A 2018"]
[Site "Saint Louis"]
[Date "2018.11.16"]
[Round "1"]
[White "Kiewra, Keaton"]
[Black "Ali Marandi, Cemil Can"]
[Result "1-0"]
[WhiteElo "2364"]
[BlackElo "2552"]
[Annotator "TA"]
[PlyCount "69"]
[EventDate "2018.11.16"]
[EventType "tourn"]
[EventCountry "USA"]
[SourceTitle "playchess.com"]
[Source "ChessBase"]
[SourceQuality "1"]

{[%evp 17,69,31,35,43,54,37,42,40,30,29,47,55,45,52,103,68,110,86,82,0,0,-7,108,99,116,112,87,88,108,106,110,96,226,99,234,242,237,242,220,178,566,547,2529,2480,2242,2156,3171,3187,3172,2352,2547,2729,29990,29990]} 1. Nf3 d5 2. e3 Nf6 3. c4 c6 4. Nc3 e6 5. b3 Nbd7 6. Bb2 Bd6 7. Qc2 O-O 8. Be2 a6 9. d4 {[%cal Bd2d4,Bd4e5][%mdl 32]} e5 10. Nxd5 {D45: Semi-Slav: 5 e3} cxd5 (10... Nxd5 11. cxd5 Qa5+ 12. Bc3 Bb4 13. Bxb4 Qxb4+ 14. Qd2 Qxd2+ 15. Kxd2 exd4 16. Nxd4 cxd5 17. Rhc1 Nf6 {½-½ (36) Giri,A (2768)-Mamedyarov,S (2764) Tashkent 2014}) 11. dxe5 Bb4+ 12. Kf1 {White is slightly better.} Ne4 13. a3 Be7 14. cxd5 Ndc5 15. b4 {[%mdl 1024] White has compensation.} Bf5 $146 (15... Qxd5 $14 16. Bc4 (16. bxc5 Bf5 $14) 16... Qd7) ({Predecessor:} 15... Qxd5 16. Bc4 Qc6 17. bxc5 Nxc5 {Koo,O (2347)-Landero Luna,V (2299) ICCF email 2016}) 16. Qd1 $16 Nd7 17. Qd4 Rc8 18. g4 (18. d6 $16) 18... Bg6 $11 19. h4 h6 (19... f6 $1 $11 {remains equal.} 20. d6 fxe5 21. Qd5+ (21. dxe7 Qxe7 22. Qd5+ Kh8 $15) 21... Kh8) 20. d6 $16 Nxd6 21. exd6 $40 {[%csl Gb2][%cal Rd4g7][%mdl 128] Black is in trouble.} Bf6 22. Qd2 Rc2 23. Bxf6 Nxf6 24. Qd4 {Threatens to win with g5.} Ne4 {[#]} (24... Rc6 $16 {was necessary.}) 25. Rd1 (25. h5 $1 $18 {[%cal Rh5g6] is the precise move to win.} Bh7 26. g5 Qxd6 {[#]} 27. g6 $1 {[%mdl 512]} fxg6 28. Qxe4 {[%mdl 64] Double Attack}) 25... Re8 (25... Rc6 $16 {might work better.}) 26. h5 $18 Bh7 {[#]} 27. g5 $1 hxg5 (27... Nxg5 28. Nxg5) 28. h6 gxh6 $2 (28... Qf6 29. hxg7 Qf5) 29. Rxh6 Qd7 {[#]} 30. Rxh7 $1 {[%mdl 576] Decoy} Kxh7 {[#]} 31. Nxg5+ $1 {[%mdl 576] Double Attack} Kh6 (31... Nxg5 32. Qh4+) 32. Nxe4 {White threatens Qf6+ and mate.} Qh3+ 33. Ke1 {Qf6+ would kill now.} Qh1+ 34. Bf1 {Threatening mate with Qf6+.} Rxe4 35. Qh8+ {Accuracy: White = 81%, Black = 26%.} 1-0

[Event "Saint Louis Invitational-A 2018"]
[Site "Saint Louis"]
[Date "2018.11.17"]
[Round "2"]
[White "Ali Marandi, Cemil Can"]
[Black "Patel, Advait"]
[Result "1/2-1/2"]
[WhiteElo "2552"]
[BlackElo "2467"]
[Annotator "TA"]
[PlyCount "90"]
[EventDate "2018.11.16"]
[EventType "tourn"]
[EventCountry "USA"]
[SourceTitle "playchess.com"]
[Source "ChessBase"]
[SourceQuality "1"]

{[%evp 22,90,40,34,123,108,195,0,0,0,0,-66,-66,-61,-27,-72,-71,-63,-67,-86,-58,-99,-102,-114,-100,-123,-118,-122,-99,-156,-149,-143,-133,-197,-185,-171,-182,-222,-236,-201,-205,-264,-258,-253,-254,-230,-254,-268,-279,-278,-272,-267,-231,-244,0,0,0,0,0,0,0,0,0,0,0,0,0,0,0,0,0]} 1. d4 Nf6 2. c4 g6 3. Nc3 Bg7 4. e4 d6 5. Be2 O-O 6. Be3 e5 7. d5 Na6 8. g4 {E73: King's Indian: Averbakh Variation without 6...c5} Nc5 9. f3 h5 10. g5 Nh7 11. h4 f6 12. gxf6 {LiveBook: 10 Games} Rxf6 $146 (12... Bxf6 $14 13. Bf2 b6) ({Predecessor:} 12... Bxf6 13. Bf2 Be7 14. Kd2 Rf4 15. Qe1 a5 {½-½ (30) L'Ami,E (2634)-Amin,B (2693) Wijk aan Zee 2018}) 13. Qd2 $16 Rf4 (13... Qe8 $16) 14. O-O-O $2 (14. Bxf4 $18 exf4 15. O-O-O (15. Qxf4 Be5 $16)) 14... Rxh4 $11 15. Rxh4 Qxh4 16. Bxc5 (16. b4 $11 Na6 17. c5) 16... dxc5 $15 17. d6 cxd6 18. Qd5+ Kh8 19. Qxd6 Qg5+ 20. Kc2 Bf8 21. Qc7 {[#]} Qe7 $1 $36 {[%cal Re7c7][%mdl 2048] Black is really pushing.} 22. Qa5 Nf6 23. Nd5 Nxd5 24. cxd5 Qd6 25. Bf1 ({Better is} 25. Qc3) 25... Bh6 $17 26. Qc3 Kh7 27. Qb3 (27. a4 $17 {keeps fighting.}) 27... a6 $19 28. a4 Rb8 29. Bh3 Bxh3 30. Nxh3 Qd7 31. Nf2 {[#]} c4 $1 {[%mdl 512]} 32. Qb6 (32. Qxc4 Rc8) 32... Qxa4+ 33. Kb1 {Qc7+ is the strong threat.} Qd7 34. Rg1 Rg8 35. Nd1 Rg7 36. Nc3 Qh3 37. Qf6 Bf4 $2 (37... b5 $19 38. d6 Qh2) 38. d6 $1 $11 {The position is equal.} Qxf3 39. Ka1 {Black must now prevent d7!} Qf2 {[#]} 40. Rxg6 $3 {[%mdl 576] Decoy} Rxg6 41. Qf7+ Rg7 42. Qf5+ $1 Kh6 43. Qf6+ $1 Kh7 44. Qf5+ $1 Kh6 45. Qf6+ $1 Kh7 {Accuracy: White = 56%, Black = 72%.} 1/2-1/2

[Event "Saint Louis Invitational-A 2018"]
[Site "Saint Louis"]
[Date "2018.11.17"]
[Round "2"]
[White "Shtembuliak, Evgeny"]
[Black "Boros, Denes"]
[Result "1-0"]
[WhiteElo "2487"]
[BlackElo "2442"]
[Annotator "TA"]
[PlyCount "79"]
[EventDate "2018.11.16"]
[EventType "tourn"]
[EventCountry "USA"]
[SourceTitle "playchess.com"]
[Source "ChessBase"]
[SourceQuality "1"]

{[%evp 12,79,21,10,35,37,46,39,81,66,83,85,80,90,80,75,89,76,109,110,102,89,114,112,137,139,135,126,129,118,131,127,137,124,108,0,132,123,193,193,308,310,321,315,311,301,349,331,344,344,362,332,332,336,497,493,497,427,486,492,562,562,562,558,558,556,647,637,608,592]} 1. c4 c6 2. d4 d5 3. cxd5 cxd5 4. Nc3 Nf6 5. Nf3 Nc6 6. Bf4 a6 7. Ne5 Bd7 {D13: Slav Defence: Exchange variation without ...Bf5} (7... e6 8. Nxc6 bxc6 9. e3 Bd6 10. Bxd6 Qxd6 11. Be2 Rb8 12. Na4 Qb4+ 13. Kf1 Qd6 14. Rc1 e5 15. b3 {1-0 (46) Zherebukh,Y (2633)-Jumabayev,R (2621) Saint Louis 2018}) 8. e3 g6 9. Be2 Bg7 {White is slightly better.} 10. O-O O-O 11. Nxd7 Qxd7 12. Na4 Qd8 13. Nc5 $146 ({Predecessor:} 13. Rc1 Ne4 14. f3 Nd6 15. Nc5 Na5 16. b3 Re8 17. Re1 Ra7 18. Bf1 {1-0 (40) Djokic,N (2324)-Lalev,D (2370) Valjevo 2015}) 13... Ra7 14. Qa4 b5 15. Qc2 Qb6 16. Rfc1 {[%cal Bf1c1,Bc1c7,Bc7d7][%mdl 32]} Raa8 17. a4 Na5 18. Nd3 {[#] aiming for Bc7.} Qb7 19. Qc7 Qxc7 20. Rxc7 (20. Bxc7 Nb3 $17) 20... e6 21. Nc5 Ne8 22. Rd7 Nf6 23. Rc7 Ne8 $1 24. Re7 $36 {[%mdl 2048] White is on the roll.} Nc6 (24... Nf6 $16 25. h3 (25. axb5 axb5 26. Bxb5 Nh5 $16) 25... Nc4) 25. Rb7 $18 e5 (25... Nf6 $142 26. Rb6 (26. axb5 axb5 27. Rxa8 Rxa8 $16) 26... Na5 27. axb5 axb5) 26. dxe5 ({Resist} 26. axb5 Nxd4 27. exd4 exf4 $18) 26... Nxe5 27. axb5 Nd6 28. Re7 ({Weaker is} 28. bxa6 Nxb7 29. Nxb7 Rfc8 $14) 28... Nec4 29. Bxd6 {[#] Hoping for Bxc4.} ({Less strong is} 29. Rxa6 Nxb5 30. Rd7 Bxb2 $18) 29... Nxd6 30. Rxa6 Rfc8 31. Rxa8 Rxa8 32. b6 {[%cal Bb5b6,Bb6b7][%mdl 32]} Ra1+ (32... Ra2 $142 33. Rd7 Bf8) 33. Bf1 {White is clearly winning.} Rb1 34. b3 Bf8 35. Rd7 Ne4 36. Nxe4 dxe4 37. b7 Rxb3 38. g3 Kg7 39. Ba6 Bc5 40. Rd8 {Accuracy: White = 80%, Black = 48%.} 1-0

[Event "Saint Louis Invitational-A 2018"]
[Site "Saint Louis"]
[Date "2018.11.17"]
[Round "2"]
[White "Kevlishvili, Robby"]
[Black "Niemann, Hans"]
[Result "1-0"]
[WhiteElo "2451"]
[BlackElo "2439"]
[Annotator "TA"]
[PlyCount "145"]
[EventDate "2018.11.16"]
[EventType "tourn"]
[EventCountry "USA"]
[SourceTitle "playchess.com"]
[Source "ChessBase"]
[SourceQuality "1"]

{[%evp 23,145,21,21,18,20,13,4,3,26,7,7,7,12,5,10,8,22,23,23,20,23,25,27,0,0,0,12,6,15,8,14,14,16,0,0,0,0,0,0,0,0,0,0,0,0,0,0,0,0,0,0,0,0,0,33,37,49,57,60,48,58,60,53,44,92,41,104,54,63,55,64,41,41,49,64,64,257,257,250,250,235,228,200,164,644,1399,1217,1008,29953,29956,29949,12821,6447,5585,5509,5423,5513,5430,5097,5081,1143,569,493,469,1935,4242,12825,5097,4601,4586,12816,6087,6977,5081,4133,2415,29978,29979,29979,29980,29989,29990,29996,29997]} 1. e4 e5 2. Nf3 Nc6 3. Bb5 Nf6 4. O-O Nxe4 5. Re1 Nd6 6. Nxe5 Nxe5 7. Rxe5+ Be7 8. Bf1 O-O 9. d4 Bf6 10. Re1 Nf5 {C67: Ruy Lopez: Berlin Defence: 4 0-0 Nxe4} 11. d5 Re8 12. Rxe8+ Qxe8 {LiveBook: 3 Games. The position is equal.} 13. Qd3 d6 14. Nd2 {[%cal Bb1d2,Bd2e4,Be4g5][%mdl 32] [#]} Bd7 $146 ({Predecessor:} 14... Bg5 15. Nf3 Bxc1 16. Rxc1 Bd7 17. Re1 Qd8 18. Qc4 {1-0 (31) Carlsen,M (2843)-Aronian,L (2764) Stavanger 2018}) 15. Ne4 Be5 16. c3 c6 17. dxc6 Bxc6 18. Ng5 g6 19. Bd2 h6 20. Nf3 Bg7 21. Re1 Qd7 22. g3 Re8 23. Bg2 Rxe1+ 24. Nxe1 Qe6 25. b3 Qe5 26. Bxc6 bxc6 27. Nf3 Qe6 28. Ne1 d5 29. Nc2 c5 30. Ne3 Nxe3 31. Qxe3 Qf5 32. Qxc5 Qb1+ {[%mdl 64] Double Attack} 33. Kg2 Qe4+ 34. Kf1 Qd3+ 35. Ke1 Qb1+ 36. Ke2 Qxa2 37. Qc8+ Kh7 38. Qb7 {[%mdl 64] Double Attack} Kg8 39. Qa8+ Bf8 40. Qxd5 a5 {Hoping for ...a4.} 41. Qb5 h5 42. Qa4 Qc2 43. Qxa5 {Strongly threatening Qb6.} Qxb3 44. Qa6 (44. Qd8 $16) 44... Bg7 ({Black should try} 44... Qb2 $14) 45. h4 Qb2 46. Qc8+ Kh7 47. Qc4 Kg8 48. Qd3 Bh6 49. c4 {[%cal Bc3c4,Bc4c5,Bc5c6,Bc6c7][%mdl 32]} Bxd2 $2 (49... Qa2 $14) 50. Qxd2 $14 {[%mdl 4096] Endgame KQ-KQ} Qb3 51. Qd3 Qb4 52. Kf3 Qb6 53. Qd5 Kf8 $2 (53... Qb3+ 54. Kg2 Qa2 55. Qd8+ Kg7) 54. c5 $18 Qf6+ 55. Kg2 Ke7 56. Qb7+ Kd8 {[#]} 57. Qb6+ $1 Ke7 58. c6 Qd6 {[#]} 59. c7 $1 {[%mdl 512]} Qd5+ {[#]} 60. Kh2 $1 Qf5 61. Qd4 {White threatens Qd8+ and mate.} Qc8 62. Qe5+ (62. Qc4 $142 f6 63. Qc6) 62... Kd7 63. Qd5+ Ke7 (63... Kxc7 $142 64. Qxf7+ {[%mdl 64] Double Attack} Qd7 65. Qxg6 Qd1 66. Qf7+ Kd6) 64. Qc6 Kf8 65. Qd6+ (65. Kg1 $142 Ke7 66. Kf1) 65... Ke8 66. Kg1 Qa8 67. Kf1 (67. Qb6 $142 Qc8 68. Qc6+ Kf8 69. Kg2) 67... Qa1+ 68. Ke2 {[%cal Rc7c8]} Qa2+ 69. Kf3 {[%cal Rc7c8]} Qb3+ 70. Kf4 {[%cal Rc7c8] White mates.} Qc4+ 71. Kg5 {[%csl Gc7][%cal Rd6d8]} f6+ 72. Kh6 Qc1+ 73. Kg7 {Accuracy: White = 67%, Black = 42%.} 1-0

[Event "Saint Louis Invitational-A 2018"]
[Site "Saint Louis"]
[Date "2018.11.17"]
[Round "2"]
[White "Gurevich, Dmitry"]
[Black "Bivol, Alina"]
[Result "1/2-1/2"]
[WhiteElo "2393"]
[BlackElo "2403"]
[Annotator "TA"]
[PlyCount "101"]
[EventDate "2018.11.16"]
[EventType "tourn"]
[EventCountry "USA"]
[SourceTitle "playchess.com"]
[Source "ChessBase"]
[SourceQuality "1"]

{[%evp 15,101,39,31,20,23,22,22,6,7,-13,0,-8,-7,-11,28,30,25,18,23,15,14,13,44,45,46,34,78,71,80,84,97,97,139,125,138,130,125,105,156,158,188,164,206,178,207,141,153,144,144,159,172,149,137,55,49,56,50,60,60,53,84,47,44,41,57,3,2,3,6,12,12,0,0,0,0,0,35,0,0,0,38,33,25,15,15,1,8,0]} 1. d4 Nf6 2. c4 g6 3. Nc3 Bg7 4. e4 d6 5. Nf3 Bg4 6. Be2 O-O 7. Be3 Nfd7 8. Rc1 e5 {LiveBook: 167 Games} 9. dxe5 {E91: King's Indian: Classical: 6 Be2, unusual replies including 6...c5 and 6...Bg4} (9. d5 a5 10. h3 Bxf3 11. Bxf3 f5 12. h4 f4 13. Bd2 Nc5 14. Qe2 h5 15. g4 fxg3 16. fxg3 Nba6 17. O-O Qd7 {0-1 (55) Steingrimsson,H (2573)-Kovalenko,I (2646) Batumi 2018}) 9... dxe5 10. O-O Bxf3 11. Bxf3 Nc6 12. Ne2 Qe7 13. c5 Rfd8 14. Nc3 $146 {With the idea Nd5.} ({Predecessor:} 14. Qb3 Rab8 {½-½ (38) Pacheco,M (2320)-Zilberman,N (2338) Mallorca 2004}) 14... Nd4 (14... Nf6 $5 {[%cal Rd8d1]} 15. Qb3 Rab8 $11) 15. Nd5 Qf8 $1 16. Bxd4 exd4 17. c6 $36 {[%mdl 2048] White fights for an advantage.} bxc6 18. Rxc6 Be5 19. g3 ({But not} 19. Nxc7 Rac8 $15) 19... Rab8 20. b3 ({Don't play} 20. Nxc7 Rxb2 21. Nd5 Nb6 $15) 20... Rb7 {[#]} 21. Qd2 $1 Nb8 22. Rc4 c6 {[#]} 23. Nb4 $1 Rb6 24. Bg2 Bd6 {[%cal Rb6b4]} 25. Nd3 Be7 26. Rfc1 f6 (26... Ba3 $142) 27. Bh3 Qe8 28. b4 Bf8 29. Nc5 d3 30. Nxd3 Bxb4 31. Rxb4 Rxd3 32. Qxd3 Rxb4 33. Qd6 Rxe4 34. Rb1 ({White should try} 34. Qxf6 $16 Qe5 35. Qd8+ Qe8 36. Qd3) 34... Re1+ $14 35. Rxe1 Qxe1+ 36. Bf1 Qe5 37. Qd8+ {[%mdl 1024] White has compensation.} Kg7 38. Qc8 a5 39. Qb7+ Kh6 40. h4 (40. Qa7 $14) 40... Qd6 $11 41. Qa7 Nd7 42. Qxa5 {And now Qd8 would win.} Ne5 43. Qc3 Qd5 44. Qe3+ Kg7 45. Qa7+ Kh6 46. Qe3+ (46. Be2 $5 {[%cal Ra7e7]}) 46... Kg7 47. Qa7+ Kh6 48. Be2 Qd6 49. a4 {aiming for Qe3+.} c5 $1 50. Qa6 Qd2 51. Qxf6 {Accuracy: White = 54%, Black = 62%.} 1/2-1/2